书目信息 |
| 题名: |
考研英语大纲词汇超级背诵宝典
|
|
| 作者: | 霍岩 编著 | |
| 分册: | ||
| 出版信息: | 北京 世纪高教编辑部 |
|
| 页数: | 86页 | |
| 开本: | 25cm | |
| 丛书名: | 新东方大愚英语学习丛书 | |
| 单 册: | ||
| 中图分类: | H313.1 | |
| 科图分类: | ||
| 主题词: | 英语--ying yu--词汇--研究生--入学考试--升学参考资料 , 词汇--ci hui | |
| 电子资源: | ||
| ISBN: | 978-7-5062-7732-7 | |
| 000 | 01062nam0 2200277 45 | |
| 001 | 1432071872 | |
| 005 | 20140618085629.93 | |
| 010 | @a978-7-5062-7732-7@dCNY56.80 | |
| 100 | @a20061008e em y0chiy0121 ea | |
| 101 | 0 | @achi@aeng |
| 105 | @ay a 000yy | |
| 200 | 1 | @a考研英语大纲词汇超级背诵宝典@Akao yan ying yu da gang ci hui chao ji bei song bao dian@f霍岩等编著@Fhuo yan deng bian zhu |
| 210 | @a北京@c世纪高教编辑部@h2005.7重印 | |
| 210 | @a北京@c世界图书出版公司 | |
| 215 | @a86页@d25cm | |
| 225 | 2 | @a新东方大愚英语学习丛书@Axin dong fang da yu ying yu xue xi cong shu |
| 300 | @a新东方考研英语培训教材 | |
| 320 | @a有书目 | |
| 330 | @a本书紧贴最新考研英语大纲, 博采英美和国内数十种英语词汇手册之长, 以词条为基础, 攻克长难句。同时增设“词汇辨析”栏, 便于考生更好掌握同义词的用法。 | |
| 410 | 0 | @12001 @a新东方大愚英语学习丛书 |
| 606 | 0 | @a英语@Aying yu@x词汇@x研究生@x入学考试@j升学参考资料 |
| 606 | 0 | @a词汇@Aci hui |
| 690 | @aH313.1@v4 | |
| 701 | 0 | @a霍岩@Ahuo yan@4编著 |
| 801 | 0 | @aCN@c20061228 |
| 905 | @a10447@dH313.1@eH9811 | |
| 考研英语大纲词汇超级背诵宝典/霍岩等编著.-北京:世纪高教编辑部(2005.7重印).-北京:世界图书出版公司 |
| 86页;25cm.-(新东方大愚英语学习丛书) |
| 新东方考研英语培训教材 |
| ISBN 978-7-5062-7732-7:CNY56.80 |
| 本书紧贴最新考研英语大纲, 博采英美和国内数十种英语词汇手册之长, 以词条为基础, 攻克长难句。同时增设“词汇辨析”栏, 便于考生更好掌握同义词的用法。 |
| ● |
| 相关链接 |
|
|
|
正题名:考研英语大纲词汇超级背诵宝典
索取号:H313.1/H9811
 
预约/预借
| 序号 | 登录号 | 条形码 | 馆藏地/架位号 | 状态 | 备注 |
| 1 | 493845 | 204938452 | 语言库209/209语言库 32排3列6层/ [索取号:H313.1/H9811] | 在馆 |